| 000 | 01659nam0a2200349 4500 | ||
|---|---|---|---|
| 001 | RU\NLR\bibl\893540 | ||
| 005 | 20260405074009.0 | ||
| 010 |
_a5-06-005106-4 _93000 |
||
| 021 |
_aRU _b2005-76234 _93758 |
||
| 035 | _a(NLR Aleph) 000882024 | ||
| 090 |
_a1664951 _c1664951 |
||
| 100 | _a20051226d2005 |||y0rusy50 ca | ||
| 101 | 0 | _arus | |
| 102 | _aRU | ||
| 105 | _ay ||||||||| | ||
| 200 | 1 |
_aЗападная философия XIX века _eучебник для студентов вузов, изучающих философию _f[В.В. Васильев, Е.А. Войниканис, А.Ф. Грязнов [и др.] _gпод ред. А.Ф. Зотова |
|
| 210 |
_aМосква _cВысшая школа _d2005 |
||
| 215 |
_a516, [2] c. _d22 |
||
| 225 | 1 | _aИстория философии | |
| 320 | _aБиблиогр. в конце гл. | ||
| 606 | 1 |
_aФилософия западная _jУчебники для высших учебных заведений _xИстория _z19 - 20 вв. _92408085 _3RU\NLR\AUTH\6601654260 |
|
| 686 | _aЮ3(0)5/6я73 | ||
| 701 | 1 |
_4070 _8rus _7ca _aВасильев _bВ.В. _cд-р филос. наук _f1969- _gВадим Валерьевич _3RU\NLR\auth\7725930 _98975 |
|
| 701 | 1 |
_aВойниканис _bЕ. А. _gЕлена Анатольевна _4070 |
|
| 701 | 1 |
_aГрязнов _bА. Ф. _gАлександр Феодосиевич _4070 |
|
| 702 | 1 |
_4340 _8rus _7ca _aЗотов _bА.Ф. _f1931- _gАнатолий Федорович _3RU\NLR\auth\7722392 _95451 |
|
| 801 | 0 |
_aRU _bNLR _c20051226 _grcr |
|
| 801 | 1 |
_aRU _bNLR _c20051226 |
|
| 942 | _cBOOK | ||
| 980 | _aNB | ||